[Event "VIE-ch U13"]
[Site "Ho Chi Minh City"]
[Date "2022.07.14"]
[Round "6"]
[White "Nguyen, Thai Son"]
[Black "Ta, Nguyen Bao"]
[Result "0-1"]
[WhiteElo "2329"]
[BlackElo "2332"]
[PlyCount "82"]
[EventDate "2022.07.11"]
[EventType "swiss"]
[EventRounds "9"]
[EventCountry "VIE"]
[SourceTitle "EXT 2023"]
[Source "ChessBase"]
[SourceDate "2022.10.05"]
[SourceVersion "1"]
[SourceVersionDate "2022.10.05"]
[SourceQuality "1"]

1. e4 e6 2. d4 d5 3. Nc3 dxe4 4. Nxe4 Bd7 5. Nf3 Bc6 6. Bd3 Nd7 7. 0-0 Ngf6 8. Qe2 Bxe4 9. Bxe4 c6 10. Bd3 Qc7 11. a4 Bd6 12. Bd2 h6 13. c4 0-0 14. Bc3 Rad8 15. Bc2 Rfe8 16. Rfe1 c5 17. dxc5 Bxc5 18. h3 Be7 19. Rad1 a5 20. Nd4 b6 21. Nb5 Qb8 22. b3 e5 23. Bxe5 Nxe5 24. Qxe5 Rxd1 25. Bxd1 Bd6 26. Qc3 Bh2+ 27. Kh1 Ne4 28. Qf3 Ng3+ 29. fxg3 Rxe1+ 30. Kxh2 Qe5 31. Bc2 g6 32. Nc3 Rc1 33. Qd3 h5 34. Ne2 Re1 35. Nf4 h4 36. Qd8+ Kg7 37. Qd5 hxg3+ 38. Kxg3 Re3+ 39. Kg4 f5+ 40. Bxf5 gxf5+ 41. Kh5 Qf6 0-1

[Event "VIE-ch U13"]
[Site "Hanoi"]
[Date "2022.06.17"]
[Round "9"]
[White "Nguyen, Nghia Gia An"]
[Black "Ta, Nguyen Bao"]
[Result "1/2-1/2"]
[WhiteElo "2382"]
[BlackElo "2373"]
[PlyCount "133"]
[EventDate "2022.06.11"]
[EventType "swiss"]
[EventRounds "9"]
[EventCountry "VIE"]
[SourceTitle "EXT 2023"]
[Source "ChessBase"]
[SourceDate "2022.10.05"]
[SourceVersion "1"]
[SourceVersionDate "2022.10.05"]
[SourceQuality "1"]

1. e4 e6 2. d4 d5 3. Nc3 dxe4 4. Nxe4 Bd7 5. Nf3 Bc6 6. Bd3 Nd7 7. c3 Bxe4 8. Bxe4 c6 9. 0-0 Ngf6 10. Bc2 Qc7 11. Qe2 0-0-0 12. Be3 Bd6 13. h3 h6 14. Rfe1 g5 15. Nd2 Rdg8 16. Nc4 Be7 17. Ne5 Nxe5 18. dxe5 Qxe5 19. Bxa7 Qxe2 20. Rxe2 c5 21. b4 cxb4 22. cxb4 Bxb4 23. Bd4 Be7 24. Be5 b6 25. Bd3 Kb7 26. Rc2 Rc8 27. Rac1 Rxc2 28. Rxc2 Bd8 29. Be4+ Nxe4 30. Bxh8 Bf6 31. Bxf6 Nxf6 32. g3 Nd5 33. Kg2 b5 34. Kf3 b4 35. a3 bxa3 36. Ra2 h5 37. Rxa3 f6 38. Ke4 Kc7 39. Ra8 Kd6 40. Rd8+ Ke7 41. Rh8 f5+ 42. Ke5 Nf6 43. Rh6 Nd7+ 44. Kd4 Nf6 45. f4 g4 46. hxg4 hxg4 47. Ke5 Nd7+ 48. Kd4 Kd6 49. Rh8 Nf6 50. Rd8+ Nd7 51. Ra8 Nf6 52. Ra6+ Ke7 53. Ra3 Kd6 54. Re3 Nd5 55. Ra3 Nf6 56. Ra6+ Ke7 57. Rb6 Nd7 58. Rc6 Nf6 59. Ra6 Nd7 60. Ra7 Kd6 61. Rb7 Nf6 62. Rb6+ Ke7 63. Rb3 Kd6 64. Re3 Nd5 65. Re5 Nf6 66. Re3 Nd5 67. Ra3 1/2-1/2

[Event "VIE-ch U13"]
[Site "Hanoi"]
[Date "2022.06.16"]
[Round "8"]
[White "Ta, Nguyen Bao"]
[Black "Doan, The Duc"]
[Result "1/2-1/2"]
[WhiteElo "2373"]
[BlackElo "2367"]
[PlyCount "43"]
[EventDate "2022.06.11"]
[EventType "swiss"]
[EventRounds "9"]
[EventCountry "VIE"]
[SourceTitle "EXT 2023"]
[Source "ChessBase"]
[SourceDate "2022.10.05"]
[SourceVersion "1"]
[SourceVersionDate "2022.10.05"]
[SourceQuality "1"]

1. e4 c6 2. d4 d5 3. e5 c5 4. dxc5 Nc6 5. Bb5 e6 6. Be3 Nge7 7. c3 Nf5 8. b4 Nxe3 9. fxe3 Qh4+ 10. g3 Qe4 11. Qf3 Qxe5 12. Ne2 Be7 13. Na3 0-0 14. 0-0 a6 15. Bxc6 bxc6 16. Nd4 Qc7 17. e4 g6 18. c4 Bb7 19. cxd5 cxd5 20. exd5 Bxd5 21. Qe2 e5 22. Nf3 1/2-1/2